Plant biochemistry and molecular biology
Guardat en:
| Autor principal: | |
|---|---|
| Format: | Llibre |
| Idioma: | anglès |
| Publicat: |
Nueva York
Oxford University Press
1997
|
| Matèries: | |
| Etiquetes: |
Afegir etiqueta
Sense etiquetes, Sigues el primer a etiquetar aquest registre!
|
MARC
| LEADER | 00000nam a2200000 a 4500 | ||
|---|---|---|---|
| 001 | UCQ2985 | ||
| 003 | CL-VaPUC | ||
| 008 | 980817e19970000US |||||||||||||||||eng|d | ||
| 020 | |a 019850179X | ||
| 082 | 0 | 4 | |a 581 |b HEL |2 21 |
| 100 | |a Heldt, Hans-Walter |e author |9 597804 | ||
| 245 | 1 | 0 | |a Plant biochemistry and molecular biology |
| 300 | |a 522 p | ||
| 942 | |c BK | ||
| 945 | |d 19980817 00:00:00 |a aarredon | ||
| 260 | |a Nueva York |b Oxford University Press |c 1997 | ||
| 650 | 0 | |a Bioquímica vegetal |9 264262 | |
| 650 | 0 | |a Biología molecular |9 269677 | |
| 650 | 0 | |a Fotosíntesis |9 261610 | |
| 650 | 7 | |a CELULA |2 CL-VaPUC |9 372633 | |
| 650 | 0 | |a Genomas |9 389482 | |
| 650 | 0 | |a MITOCONDRIA |9 417031 | |
| 650 | 7 | |a NITROGENO |2 CL-VaPUC |9 358135 | |
| 583 | |a last modification |c 19980817 00:00:00 |k Rodrigo Vera | ||
| 999 | |c 273672 |d 273670 | ||
| 952 | |0 0 |1 0 |4 0 |6 581_000000000000000_HEL_1997 |7 0 |8 A |9 309469 |a BIBCUR |b BIBCUR |d 2019-11-20 |i 3449637 |l 1 |o 581 HEL 1997 |p 3449637 |r 2025-04-22 |s 2022-08-25 |w 2019-11-20 |y BK |k BCB | ||